Sobre las hadas: ensayos de literatura infantil

Enregistré dans:
Détails bibliographiques
Auteur principal: Schultz de Mantovani, Fryda (Auteur)
Format: Livre
Langue:espagnol
Publié: Buenos Aires Nova 1974
Édition:2a. ed
Collection:Biblioteca arte y ciencia de la expresión
Sujets:
Tags: Ajouter un tag
Pas de tags, Soyez le premier à ajouter un tag!

MARC

LEADER 00000nam a2200000 a 4500
001 UCZ0806
003 CL-VaPUC
008 950809e19740000AG |||||||||||||||||spa|d
082 0 4 |a 808.068  |b SCH  |2 21 
100 0 |a Schultz de Mantovani, Fryda  |e author  |9 344109 
245 1 0 |a Sobre las hadas: ensayos de literatura infantil 
250 |a 2a. ed 
300 |a 153 p 
942 |c BK 
945 |d 19950809 00:00:00  |a cmena 
260 |a Buenos Aires  |b Nova  |c 1974 
650 0 |a Literatura infantil   |9 307465 
650 0 |a Cuentos de hadas  |9 308782 
650 0 |a Niños  |9 255605 
650 0 |a Ensayos  |9 268724 
650 0 |a Cuentos infantiles  |9 308044 
583 |a last modification  |c 19950809 00:00:00  |k Rodrigo Vera 
490 0 |a Biblioteca arte y ciencia de la expresión 
999 |c 237709  |d 237707 
952 |0 0  |1 0  |4 0  |6 808_068000000000000_SCH_1974  |7 0  |8 P  |9 247331  |a BIBEDU  |b BIBEDU  |c BIBEDU_PB  |d 2019-11-18  |i 1555731  |o 808.068 SCH 1974  |p 1555731  |r 2024-01-25  |w 2019-11-18  |y BK  |k EDU 
952 |0 0  |1 0  |4 0  |6 808_068000000000000_SCH_1974  |7 0  |8 P  |9 247332  |a BIBEDU  |b BIBEDU  |c BIBEDU_PB  |d 2019-11-18  |i 155574K  |o 808.068 SCH 1974  |p 155574K  |r 2024-01-25  |w 2019-11-18  |y BK  |k EDU 
952 |0 0  |1 0  |4 0  |6 808_068000000000000_SCH_1974  |7 0  |8 P  |9 247333  |a BIBEDU  |b BIBEDU  |c BIBEDU_PB  |d 2019-11-18  |i 1555758  |o 808.068 SCH 1974  |p 1555758  |r 2024-01-25  |w 2019-11-18  |y BK  |k EDU 
952 |0 0  |1 0  |4 0  |6 808_068000000000000_SCH_1974  |7 0  |8 P  |9 247334  |a BIBEDU  |b BIBEDU  |c BIBEDU_PB  |d 2019-11-18  |i 1555766  |o 808.068 SCH 1974  |p 1555766  |r 2024-01-25  |w 2019-11-18  |y BK  |k EDU 
952 |0 0  |1 0  |4 0  |6 808_068000000000000_SCH_1974  |7 0  |8 P  |9 247335  |a BIBEDU  |b BIBEDU  |c BIBEDU_PB  |d 2019-11-18  |i 1555774  |l 3  |m 1  |o 808.068 SCH 1974  |p 1555774  |r 2023-12-05  |s 2023-11-28  |w 2019-11-18  |y BK  |k EDU